MyGZULibrary

Obstetrics by ten teachers / (Record no. 10378)

MARC details
000 -LEADER
fixed length control field 01713cam a22004337a 4500
001 - CONTROL NUMBER
control field 16900165
003 - CONTROL NUMBER IDENTIFIER
control field GZU
005 - DATE AND TIME OF LATEST TRANSACTION
control field 20220323114605.0
008 - FIXED-LENGTH DATA ELEMENTS--GENERAL INFORMATION
fixed length control field 110802s2011 enka b 001 0 eng
010 ## - LIBRARY OF CONGRESS CONTROL NUMBER
LC control number 2011288069
015 ## - NATIONAL BIBLIOGRAPHY NUMBER
National bibliography number GBB0C7536
Source bnb
016 7# - NATIONAL BIBLIOGRAPHIC AGENCY CONTROL NUMBER
Record control number 101578136
Source DNLM
016 7# - NATIONAL BIBLIOGRAPHIC AGENCY CONTROL NUMBER
Record control number 015678390
Source Uk
020 ## - INTERNATIONAL STANDARD BOOK NUMBER
International Standard Book Number 9780340983539 (pbk.)
020 ## - INTERNATIONAL STANDARD BOOK NUMBER
International Standard Book Number 0340983531 (pbk.)
020 ## - INTERNATIONAL STANDARD BOOK NUMBER
International Standard Book Number 9781444122305 (international student ed.)
020 ## - INTERNATIONAL STANDARD BOOK NUMBER
International Standard Book Number 1444122304 (international student ed.)
035 ## - SYSTEM CONTROL NUMBER
System control number (OCoLC)ocn750648182
040 ## - CATALOGING SOURCE
Original cataloging agency NLM
Language of cataloging eng
Transcribing agency NLM
Modifying agency UKMGB
-- YDXCP
-- UAB
-- BTCTA
-- UKWOH
-- KIJ
-- BWI
-- DLC
042 ## - AUTHENTICATION CODE
Authentication code nlmcopyc
-- lccopycat
050 00 - LIBRARY OF CONGRESS CALL NUMBER
Classification number RG526
Item number .OBS 2011
082 04 - DEWEY DECIMAL CLASSIFICATION NUMBER
Classification number 618.2
Edition number 22
245 00 - TITLE STATEMENT
Title Obstetrics by ten teachers /
Statement of responsibility, etc. edited by Philip N. Baker and Louise C. Kenny
250 ## - EDITION STATEMENT
Edition statement 19th edition /
Remainder of edition statement edited by Philip N. Baker, Louise C. Kenny.
260 ## - PUBLICATION, DISTRIBUTION, ETC.
Place of publication, distribution, etc. London :
Name of publisher, distributor, etc. Hodder Arnold,
Date of publication, distribution, etc. 2011.
300 ## - PHYSICAL DESCRIPTION
Extent xiv, 319 pages :
Other physical details illustrations (some colour) ;
Dimensions 25 cm.
500 ## - GENERAL NOTE
General note Previous ed.: 2006.
504 ## - BIBLIOGRAPHY, ETC. NOTE
Bibliography, etc. note Includes bibliographical references and index.
520 8# - SUMMARY, ETC.
Summary, etc. In line with recent curriculum changes, this new edition integrates basic sciences and clinical material to aid a thorough understanding of the underlying disease processes.
650 #0 - SUBJECT ADDED ENTRY--TOPICAL TERM
Topical term or geographic name entry element Obstetrics.
650 12 - SUBJECT ADDED ENTRY--TOPICAL TERM
Topical term or geographic name entry element Obstetrics.
650 22 - SUBJECT ADDED ENTRY--TOPICAL TERM
Topical term or geographic name entry element Pregnancy Complications.
700 1# - ADDED ENTRY--PERSONAL NAME
Personal name Baker, Philip,
Dates associated with a name 1962-
Relator term editor
700 1# - ADDED ENTRY--PERSONAL NAME
Personal name Kenny, Louise C.
Fuller form of name (Louise Clare)
Relator term editor
906 ## - LOCAL DATA ELEMENT F, LDF (RLIN)
a 7
b cbc
c copycat
d 2
e ncip
f 20
g y-gencatlg
942 ## - ADDED ENTRY ELEMENTS (KOHA)
Source of classification or shelving scheme Library of Congress Classification
Koha item type Books
Edition 19th edition
Classification part 526
Item part OBS
Call number prefix RG
Holdings
Withdrawn status Lost status Source of classification or shelving scheme Damaged status Not for loan Collection code Home library Current library Shelving location Date acquired Source of acquisition Total Checkouts Full call number Barcode Date last seen Copy number Price effective from Koha item type
    Library of Congress Classification     Non-fiction City Campus Library City Campus Library General Stacks 03/23/2022 Baroda Trading   RG526 OBS 2011 031999 03/23/2022 c. 1 03/23/2022 Books